La iglesia brasileña analiza el milagro económico
Spremljeno u:
| Format: | Tekst |
|---|---|
| Teme: | |
| Oznake: |
Dodaj oznaku
Bez oznaka, Budi prvi tko označuje ovaj zapis!
|
MARC
| LEADER | 00000 a a2200000 04500 | ||
|---|---|---|---|
| 001 | 17924 | ||
| 003 | |||
| 040 | |||
| 245 | |a La iglesia brasileña analiza el milagro económico | ||
| 650 | |a ECONOMIA | ||
| 650 | |a CLERO | ||
| 650 | |a INFLACION | ||
| 650 | |a DEUDA INTERNA | ||
| 650 | |a POLITICA | ||
| 650 | |a BRASIL | ||
| 773 | |g volumen 4, número 18; (1980) páginas 205 | ||
| 999 | |c 31646 |d 31646 | ||
| 773 | 0 | |0 42391 |9 3822 |a Agencia Latinoamericana de Información, ALAI |d Quito, Ecuador: ALAI |o 04305 |t ALAI: |x 08275564 (Servicio mensual de información y documentación) | |
